000 00924cac a22002291u 4500
008 090216t 1989xxu||||| |||| 00| 0 eng d
010 _a 88009051
020 _a007062982X :
082 0 0 _a658.152
_bBLA
100 _aBlank, Leland T.
245 1 0 _aEngineering economy /
_cLeland T. Blank, Anthony J. Tarquin.
250 _a3rd ed.
260 _aNew York :
_bMcGraw-Hill,
_cc1989.
300 _axviii, 531 p. :
_bill. ;
_c25 cm.
500 _aIncludes index.
504 _aBibliography: p. 521-522.
650 0 _aEngineering economy.
700 1 _aTarquin, Anthony J.
942 _cBB
_k658.152BLA
_2ddc
999 _c4534
_d4534